Central Library OPAC University of Rajshahi

Understanding human communication / (Record no. 1793)

MARC details
000 -LEADER
fixed length control field 01003cam a2200289 a 4500
001 - CONTROL NUMBER
control field 1793
003 - CONTROL NUMBER IDENTIFIER
rucl marc code BD-RjUL
005 - DATE AND TIME OF LATEST TRANSACTION
control field 20211208233419.0
008 - FIXED-LENGTH DATA ELEMENTS--GENERAL INFORMATION
fixed length control field 131209s2006 nyua b 001 0 eng
020 ## - INTERNATIONAL STANDARD BOOK NUMBER
International Standard Book Number 9780195687507
035 ## - SYSTEM CONTROL NUMBER
System control number (BD-RjUL)1820
040 ## - CATALOGING SOURCE
Original cataloging agency DLC
Transcribing agency DLC
Modifying agency DLC
-- BD-RjUL
Language of cataloging eng
041 ## - LANGUAGE CODE
Language code of text/sound track or separate title eng
082 00 - DEWEY DECIMAL CLASSIFICATION NUMBER
Classification number 302.2
Edition number 22
Author mark and year ADU 2006
100 1# - MAIN ENTRY--PERSONAL NAME
Personal name Adler, Ronald B.
Fuller form of name (Ronald Brian),
Dates associated with a name 1946-
9 (RLIN) 5934
245 10 - TITLE STATEMENT
Title Understanding human communication /
Statement of responsibility, etc. Ronald B. Adler, George Rodman.
250 ## - EDITION STATEMENT
Edition statement 9th ed.
260 ## - PUBLICATION, DISTRIBUTION, ETC. (IMPRINT)
Place of publication, distribution, etc. New York :
Name of publisher, distributor, etc. Oxford University Press,
Date of publication, distribution, etc. c2006.
300 ## - PHYSICAL DESCRIPTION
Pagination xvi, 522 p. :
Illustrations ill. (some col.) ;
Size 26 cm. +
650 #0 - SUBJECT ADDED ENTRY--TOPICAL TERM
Topical term or geographic name as entry element Communication.
9 (RLIN) 5935
700 1# - ADDED ENTRY--PERSONAL NAME
Personal name Rodman, George R.,
Dates associated with a name 1948-
856 42 - ELECTRONIC LOCATION AND ACCESS
Materials specified Publisher description
Uniform Resource Identifier <a href="http://www.loc.gov/catdir/enhancements/fy0636/2005276166-d.html">http://www.loc.gov/catdir/enhancements/fy0636/2005276166-d.html</a>
Materials specified Table of contents only
Uniform Resource Identifier <a href="http://www.loc.gov/catdir/enhancements/fy0636/2005276166-t.html">http://www.loc.gov/catdir/enhancements/fy0636/2005276166-t.html</a>
942 ## - ADDED ENTRY ELEMENTS (KOHA)
Source of classification or shelving scheme Dewey Decimal Classification
Koha item type Books
Holdings
Lost status Source of classification or shelving scheme Damaged status Not for loan Collection code Permanent Location Current Location Shelving location Date acquired Source of acquisition Cost, normal purchase price Total Checkouts Full call number Date last seen Date checked out Copy number Koha item type
  Dewey Decimal Classification     Non-fiction Central Library, University of Rajshahi Central Library, University of Rajshahi   20/09/2010 Paragon Ent. 495.00 1 302.2 ADU 2006 19/04/2016 03/04/2016 C-3 Books
  Dewey Decimal Classification     Non-fiction Central Library, University of Rajshahi Central Library, University of Rajshahi   20/09/2010 Paragon Ent. DHAKA 495.00 1 302.2 ADU 2006 08/10/2024 29/09/2024 C-2 Books
  Dewey Decimal Classification   Not For Loan Non-fiction Central Library, University of Rajshahi Central Library, University of Rajshahi Reading Room 20/09/2010 Dhaka, Paragon Enterprises Ltd. 495.00   302.2 ADU 2006 11/12/2016   C-1 Books